| 000 | 005510000a22001810004500 | ||
|---|---|---|---|
| 003 | MACL | ||
| 005 | 20160407113921.0 | ||
| 008 | 160407b xxu||||| |||| 00| 0 eng d | ||
| 040 |
_aMACL _cMACL |
||
| 041 | _aHindi | ||
| 082 | _a370 | ||
| 100 |
_aआर के गुप्ता _950871 |
||
| 245 | _aजिला प्राथमिक शिक्षा कार्यक्रम | ||
| 260 |
_bबालसभा प्रकाशन _c1999 _aदिल्ली |
||
| 350 | _a190 | ||
| 650 |
_aEducation _950872 |
||
| 942 |
_cHIN _k370 _2ddc |
||
| 999 |
_c9529 _d9529 |
||